Learning Python
Αποθηκεύτηκε σε:
| Κύριος συγγραφέας: | |
|---|---|
| Άλλοι συγγραφείς: | |
| Μορφή: | Βιβλίο |
| Γλώσσα: | English |
| Δημοσίευση: |
Beijing :
O'Reilly,
1999
|
| Θέματα: | |
| Ετικέτες: |
Προσθήκη ετικέτας
Δεν υπάρχουν, Καταχωρήστε ετικέτα πρώτοι!
|
MARC
| LEADER | 00000nam a2200000 i 4500 | ||
|---|---|---|---|
| 001 | 1/96049 | ||
| 008 | 000308s1999 eng d | ||
| 020 | |a 1565921976 | ||
| 035 | |l 10055583 | ||
| 040 | |a GR-MY-UA |b gre |e aacr | ||
| 041 | 0 | |a eng | |
| 082 | 0 | |a 005.133 | |
| 100 | 1 | |a Lutz, Mark. | |
| 245 | 1 | 0 | |a Learning Python / |c Mark Lutz and David Ascher |
| 260 | |a Beijing : |b O'Reilly, |c 1999 | ||
| 300 | |a xvi, 366 p.; |b ill.; |c 24 cm. | ||
| 504 | |a Includes index | ||
| 650 | 0 | 0 | |a Python (Computer program language) |
| 700 | 1 | |a Ascher, David. | |
| 852 | |a INST |b SAMOS |e 20000308 |h 005.133 LUT |p 005300016744 |q 005300016744 |t BK |y 0 | ||
| 901 | |a BIBL3-2000-1 | ||
| 909 | |a Σ |b 069703 | ||
| 922 | |a 3ΕΛΗ |b 199910 |c ΤΠΕΣ |d ΠΑΠΑΣΩΤΗΡΙΟΥ | ||
| 950 | |a 133-1999-07-20 | ||
| 970 | |a ΠΟΥΡΝΑΡΑΣ |b ΔΗΜΗΤΡΗΣ |z 2000/03/08 | ||